AFL Premiers - Statistics

General Stats
  • This quiz has been taken 66 times
    14 since last reset
  • The average score is 22 of 36
Answer Stats
Hint Answer % Correct
2025 Brisbane
100%
2024 Brisbane
100%
2023 Collingwood
100%
2022 Geelong
92%
2021 Melbourne
92%
2010 Collingwood
85%
2015 Hawthorn
85%
2014 Hawthorn
85%
2013 Hawthorn
85%
2020 Richmond
85%
2017 Richmond
85%
2018 West Coast
85%
2019 Richmond
77%
2012 Sydney
69%
2016 Western Bulldogs
69%
2009 Geelong
62%
2008 Hawthorn
62%
2006 West Coast
62%
2003 Brisbane
54%
2002 Brisbane
54%
2001 Brisbane
54%
2011 Geelong
54%
2007 Geelong
54%
2004 Port Adelaide
46%
2005 Sydney
46%
1994 West Coast
46%
1998 Adelaide
38%
1997 Adelaide
38%
2000 Essendon
38%
1999 North Melbourne
38%
1992 West Coast
38%
1995 Carlton
31%
1991 Hawthorn
31%
1996 North Melbourne
31%
1990 Collingwood
23%
1993 Essendon
23%
No matching quizzes found
Score Distribution
Percent of People with Each Score
Percentile by Number Answered
Your Score History
You have not taken this quiz since the last reset